000 01529cam a2200169 4500500
005 20251228073950.0
041 _afre
042 _adc
100 1 0 _aThuillier, Jean-Paul
_eauthor
245 0 0 _aBriquel Dominique, Catalogue des inscriptions étrusques et italiques du Musée du Louvre, Paris, Musée du Louvre/Picard, 2016, 1 vol. 22,5 x 28, 400 p., 300 fig. coul. et 130 dessins ds t.
260 _c2017.
500 _a100
520 _aUne statuette de bronze provenant du Levant et conservée au musée du Louvre a été considérée jadis comme figurant un guerrier parthe. Elle doit plutôt être interprétée comme une représentation, à l’époque impériale romaine, du dieu syrien Jupiter Dolichénien. C’est un fragment probablement ancien d’ex‑voto ( i er s. apr. J.‑C.). À l’origine, le dieu, qui brandissait une hache bipenne dans la main droite, était juché sur le dos d’un taureau.
520 _aA bronze statuette made in the Levant and housed today in the Louvre, was once considered to be the image of a Parthian warrior. It should be recognized as being the Syrian god Iupiter Dolichenus, of the Roman imperial period. It is a fragment of a probably early ( 1 st Cent. ad) ex‑voto. Originally, the god, holding a double axe in his right hand, was standing on the back of a bull.
786 0 _nRevue archéologique | 64 | 2 | 2017-11-24 | p. 369o-448o | 0035-0737
856 4 1 _uhttps://shs.cairn.info/revue-archeologique-2017-2-page-369o?lang=fr&redirect-ssocas=7080
999 _c1596536
_d1596536